000 00277nam a22001217a 4500
008 170130b xxu||||| |||| 00| 0 eng d
041 _aeng
080 _22ND
_a61
100 _a3
101 _aSHMI
245 _aTHE MEDICAL ENCYCLOPEDIA FOR BETTER HEALTH
_cENC
942 _2udc
_cBK
999 _c3954
_d3954